[Event "POL-chT"]
[Site "Lubniewice"]
[Date "1995.??.??"]
[Round "7"]
[White "Grabarczyk, Miroslaw"]
[Black "Krasenkow, Michal"]
[Result "1-0"]
[WhiteElo "2445"]
[BlackElo "2590"]

1.d4 f5 2.Nf3 Nf6 3.g3 g6 4.Bg2 Bg7 5.O-O O-O 6.c4 d6 7.Nc3 Qe8 8.d5 Na6
9.Be3 h6 10.h4 Nc5 11.Qd2 Kh7 12.Rae1 Nce4 13.Nxe4 Nxe4 14.Qc2 e5 15.dxe6 Qxe6
16.Bd4 Bxd4 17.Nxd4 Qe7 18.e3 Bd7 19.Nb5 Bc6 20.Nd4 Bd7 21.Nb5 Bxb5 22.cxb5 a6
23.Rc1 Rf7 24.a4 axb5 25.axb5 Ra5 26.Qd3 Qe5 27.Rc4 Rxb5 28.b4 Nf6 29.Rd1 Re7
30.Bf3 h5 31.Rd4 Rb6 32.Qa3 Ra6 33.Qb3 b5 34.R4d2 Rb6 35.Qa3 Ne4 36.Bxe4 Qxe4
37.Rd5 Qf3 38.Qa8 Rg7 39.R1d4 Qe2 40.Kg2 Qc2 41.Rf4 Rg8 42.Qa1 Qc6 43.e4 Rbb8
44.Qd1 Rbe8 45.exf5 Re5 46.fxg6+ Rxg6 47.Rd4 Rf6 48.Kg1 Rff5 49.Rxe5 Rxe5
50.Rf4 Kg7 51.Kh2 Qc3 52.Qf1 Qc6 53.Qa1 Qd5 54.Qc3 c5 55.bxc5 Qxc5 56.Qa1 Qd5
57.Qb2 Kg6 58.Rd4 Qc5 59.Qd2 d5 60.Rf4 Re4 61.Rf3 Re5 62.Qa5 Qc6 63.Qd8 Qe6
64.Kg2 Rf5 65.Re3 Re5 66.Rf3 Rf5 67.Rxf5 Qxf5 68.Qe8+ Kf6 69.Qxb5 Qe4+ 70.Kf1 Qh1+
71.Ke2 Qe4+ 72.Kd2 Qd4+ 73.Ke1 Qc3+ 74.Kf1 Qc1+ 75.Kg2 Qd1 76.Qb6+ Kg7 77.Qc7+ Kg6
78.Qd6+ Kg7 79.Qe5+ Kg6 80.Qg5+ Kf7 81.Qf4+ Ke6 82.Qf3 Qc2 83.Qxh5 d4 84.Qg4+ Kd5
85.h5 d3 86.Qf5+ Kd4 87.Qd7+ Kc4 88.h6 d2 89.Qc6+ Kb3 90.Qxc2+ Kxc2 91.h7 d1=Q
92.h8=Q Qd5+ 93.Kh2 Kd2 94.Qe8 Kd1 95.Qe3 Qf5 96.Kg2 Qg6 97.Qf3+ Ke1 98.g4 Qa6
99.Qe4+ Kd1 100.g5 Qb5 101.f4  1-0

[Event "POL-chT"]
[Site "Lubniewice"]
[Date "1995.??.??"]
[Round "9"]
[White "Ehrenfeucht, Wojciech"]
[Black "Krasenkow, Michal"]
[Result "0-1"]
[WhiteElo "2305"]
[BlackElo "2590"]

1.Nf3 Nf6 2.c4 e6 3.g3 a6 4.Nc3 d5 5.cxd5 exd5 6.d4 Nc6 7.Bg2 Ne4 8.O-O Be7
9.Bf4 O-O 10.Rc1 Nxc3 11.Rxc3 a5 12.a3 a4 13.Qd2 Bf5 14.Rfc1 Ra6 15.h4 h6
16.Qd1 Re8 17.Ne5 Nxe5 18.Bxe5 c6 19.Bf4 Bf6 20.Re3 Rxe3 21.Bxe3 Qb6 22.Qd2 Ra5
23.Bf3 Rb5 24.Qd1 Rb3 25.g4 Be6 26.g5 hxg5 27.hxg5 Be7 28.Rc3 Rxb2 29.Qxa4 Rb1+
30.Kg2 Qb2 31.Qc2 Qxc2 32.Rxc2 Bxa3 33.Ra2 Rb3 34.Bf4 Bf5 35.e3 b5 36.Bd1 Rc3
37.f3 b4 38.Kf2 Kh7 39.Ra1 Kg6 40.Ke2 Bc2 41.Kd2 Bxd1 42.Rxd1 Rb3 43.Rf1 Rb2+
44.Kd3 Ra2 45.Rb1 Rf2 46.Bd6 Rxf3 47.Ke2 Rh3 48.Bxb4 Rh2+ 49.Kf3 Bxb4 50.Rxb4 Kxg5
51.Rb1 Kf5 52.Rf1 Rc2 53.Rh1 g5 54.Rh8 f6 55.Rc8 Kg6 56.Rd8 Rc3 57.Rd7 f5
58.Rd8 f4 59.Kg4 fxe3 60.Rd6+ Kf7 61.Kf5 Ke7 62.Rg6 Kd7 63.Rxg5 Rd3 64.Rg7+ Kd6
65.Rg6+ Kc7 66.Re6 Rxd4 67.Rxe3 Kd6 68.Re6+ Kc5 69.Rg6 Re4 70.Rh6 Re1 71.Rg6 d4  0-1

[Event "POL-chT"]
[Site "Lubniewice"]
[Date "1995.??.??"]
[Round "10"]
[White "Krasenkow, Michal"]
[Black "Sapis, Witalis"]
[Result "1-0"]
[WhiteElo "2590"]
[BlackElo "2450"]

1.Nf3 d5 2.d4 c6 3.c4 Nf6 4.Nc3 dxc4 5.a4 Bg4 6.Ne5 Bh5 7.f3 Nfd7 8.Nxc4 e5
9.Be3 Bb4 10.g4 Bg6 11.dxe5 O-O 12.h4 h6 13.h5 Bh7 14.g5 hxg5 15.h6 g6 16.Rg1 Qe7
17.Rxg5 Rd8 18.Qc2 b5 19.axb5 cxb5 20.Qe4 bxc4 21.Qxa8 Nxe5 22.Qxa7 Nbd7
23.Qd4 f6 24.Rg3 Nc5 25.Ra8 Rxa8 26.Qd5+ Ne6 27.Qxa8+ Nf8 28.Kf2 Bd6 29.Ne4 Bb4
30.Bd4 Kh8 31.f4 Nd7 32.Re3 Qf7 33.Ng5 Qg8 34.Re8  1-0

[Event "POL-chT"]
[Site "Lubniewice"]
[Date "1995.??.??"]
[Round "11"]
[White "Ivanov, Sergey"]
[Black "Krasenkow, Michal"]
[Result "1-0"]
[WhiteElo "2545"]
[BlackElo "2590"]

1.d4 d6 2.c4 e5 3.Nf3 e4 4.Ng5 f5 5.Nc3 Be7 6.Nh3 c6 7.g3 Nd7 8.Bg2 Nb6 9.b3 d5
10.c5 Nd7 11.b4 a6 12.f3 Ngf6 13.Ng5 Nf8 14.fxe4 fxe4 15.Na4 h6 16.Nb6 Ra7
17.Nxc8 Qxc8 18.Nh3 g5 19.Nf2 Rg8 20.Be3 Ne6 21.a4 h5 22.Qb3 h4 23.O-O-O g4
24.gxh4 Rh8 25.h3 g3 26.Ng4 Rxh4 27.Ne5 Rh5 28.Rdf1 Qc7 29.h4 Rxe5 30.dxe5 Qxe5
31.Bh3 a5 32.Rhg1 axb4 33.Bxe6 Qxe6 34.Bd4 Nh5 35.Qxb4 Bxh4 36.Bb2 Bd8 37.Qd4 Kd7
38.Qh8 Qg6 39.Qf8 Rxa4 40.Rf7+ Kc8 41.Qe8 Qg5+ 42.Kd1 Kb8 43.Rd7  1-0

[Event "Malmo"]
[Site "Malmo"]
[Date "1995.??.??"]
[Round "1"]
[White "Hjartarson, Johann"]
[Black "Krasenkow, Michal"]
[Result "1/2-1/2"]
[WhiteElo "2590"]
[BlackElo "2575"]

1.e4 c5 2.Nf3 Nc6 3.d4 cxd4 4.Nxd4 Nf6 5.Nc3 e5 6.Ndb5 d6 7.Bg5 a6 8.Na3 b5
9.Bxf6 gxf6 10.Nd5 f5 11.exf5 Bxf5 12.c3 Bg7 13.Nc2 Be6 14.Nce3 Ne7 15.g3 Nxd5
16.Nxd5 O-O 17.Bg2 a5 18.O-O f5 19.Qh5 b4 20.Rad1 bxc3 21.Nxc3 Rb8 22.b3 e4
23.Nd5 Rb5 24.Nf4 Bf7 25.Qe2 Rc5 26.f3 d5 27.fxe4 fxe4 28.Kh1 Re8 29.Nh5 Bxh5
30.Qxh5 Re5 31.Qf7+ Kh8 32.Rf5 d4 33.Bxe4 Rc7 34.Qxg7+ Kxg7 35.Rxe5 Rd7 36.Bd3 Rf7
37.Kg2 Qf6 38.Re2 Qf3+ 39.Kg1 h5 40.Bc4 Rf6 41.Re7+ Kf8 42.Rde1 Qf2+ 43.Kh1 Qf3+
44.Kg1  1/2-1/2

[Event "Malmo"]
[Site "Malmo"]
[Date "1995.??.??"]
[Round "6"]
[White "Krasenkow, Michal"]
[Black "Brynell, Stellan"]
[Result "1-0"]
[WhiteElo "2575"]
[BlackElo "2435"]

1.Nf3 c5 2.c4 Nf6 3.Nc3 Nc6 4.g3 d5 5.cxd5 Nxd5 6.Bg2 g6 7.O-O Bg7 8.Qa4 Nb6
9.Qh4 O-O 10.d3 f6 11.Bh6 e5 12.Ne4 Qe7 13.Rac1 Nd7 14.a3 Rb8 15.e3 Bxh6
16.Qxh6 f5 17.Neg5 Nf6 18.h3 Bd7 19.Nd2 Rbc8 20.Rfe1 b6 21.f4 Rfd8 22.Nc4 b5
23.fxe5 Nxe5 24.Bd5+ Nxd5 25.Nxe5 Be8 26.d4 Nf6 27.Rcd1 c4 28.g4 c3 29.bxc3 Rxc3
30.gxf5 gxf5 31.Rd2 Rd6 32.Rg2 Ng4 33.Nxg4 Rxh6 34.Nxh6+ Kh8 35.Ne4 Bf7 36.Nxf7+ Qxf7
37.Nxc3 Qb3 38.Rc1 Qxa3 39.Rcc2 b4 40.Nd5 h5 41.Rc8+ Kh7 42.Nf6+  1-0

[Event "Malmo"]
[Site "Malmo"]
[Date "1995.??.??"]
[Round "7"]
[White "Vescovi, Giovanni"]
[Black "Krasenkow, Michal"]
[Result "1/2-1/2"]
[WhiteElo "2465"]
[BlackElo "2575"]

1.d4 d5 2.Nf3 Nf6 3.c4 e6 4.Nc3 Nbd7 5.Bf4 dxc4 6.e4 Bb4 7.Bxc4 Nxe4 8.O-O Nxc3
9.bxc3 Bd6 10.Bg5 Be7 11.Bd2 O-O 12.Qe2 c5 13.Rfd1 cxd4 14.cxd4 Nf6 15.Ne5 Nd5
16.Qh5 Bd7 17.Rdb1 Bc6 18.Nxc6 bxc6 19.Rb3 Qd6 20.Rh3 Nf6 21.Qh4 Rfd8 22.Be3 g6
23.Rc1 h5 24.Qg3 Qxg3 25.Rxg3 Ng4 26.Rf3 Rac8 27.Ba6 Rc7 28.h3 Nxe3 29.fxe3 Rd5
30.Bc4 Ra5 31.Bb3 Bg5 32.Rc3 Bh6 33.Rf2 Ra3 34.Rfc2 a5 35.Kf2 Rb7 36.Rc4 Re7
37.Rxc6 Ra7 38.Rc7 Rxc7 39.Rxc7 Bf8 40.Rc4 Bb4 41.Ke2 h4 42.Rc8+ Kg7 43.Ra8 a4
44.Rxa4 Rxa4 45.Bxa4 f5 46.Kd3 Kf6 47.Bc2 Ke7 48.Kc4 Ba3 49.d5 Kd6 50.dxe6 Kxe6  1/2-1/2

[Event "Malmo"]
[Site "Malmo"]
[Date "1995.??.??"]
[Round "8"]
[White "Krasenkow, Michal"]
[Black "Sokolov, Ivan"]
[Result "0-1"]
[WhiteElo "2575"]
[BlackElo "2645"]

1.d4 d5 2.c4 c6 3.e3 Bf5 4.Qb3 Qc7 5.cxd5 cxd5 6.Nc3 e6 7.Bd2 Nc6 8.Nf3 Nf6
9.Be2 a6 10.O-O Bd6 11.Rfc1 O-O 12.a3 Qe7 13.Be1 h6 14.Na2 Rac8 15.Nb4 Na5
16.Qa2 Bc7 17.Ne5 Ne4 18.Nbd3 f6 19.Bb4 Nd6 20.Nf4 Rfd8 21.g4 Be4 22.Rxc7 Qxc7
23.Nxe6 Qe7 24.Nxd8 fxe5 25.Bd3 Qxd8 26.dxe5 Ndc4 27.Bxe4 dxe4 28.Rc1 Kh8
29.Qb1 Nxe5 30.Rxc8 Qxc8 31.Qxe4 Nac6 32.h3 Nxb4 33.axb4 Nc6 34.h4 Qd8 35.h5 Qe7
36.Qf5 Qxb4 37.Qc8+ Kh7 38.g5 hxg5 39.Qf5+ Kg8 40.Qe6+ Kf8 41.Qf5+ Ke8 42.Qg6+ Kd8
43.Qxg7 Qg4+ 44.Kf1 Qxh5 45.Qxb7 Qh1+  0-1

[Event "Makati op"]
[Site "Manila"]
[Date "1995.??.??"]
[Round "10"]
[White "Torre, Eugenio"]
[Black "Krasenkow, Michal"]
[Result "1-0"]
[WhiteElo "2535"]
[BlackElo "2590"]

1.e4 c5 2.Nf3 Nc6 3.c3 e5 4.Bc4 Qc7 5.O-O Be7 6.Re1 Nf6 7.d4 d6 8.d5 Nb8
9.a4 O-O 10.Na3 Bg4 11.Bd3 Nbd7 12.Nc4 Ne8 13.Ne3 Bxf3 14.Qxf3 Bg5 15.b4 g6
16.Bb5 cxb4 17.cxb4 Qc3 18.Ba3 Ndf6 19.g3 a6 20.Bf1 Bxe3 21.Qxe3 Qxe3 22.Rxe3 Nd7
23.Rc1 f5 24.f3 Rf7 25.a5 fxe4 26.fxe4 Ndf6 27.Bh3 Nc7 28.b5 Nxb5 29.Be6  1-0

[Event "Rubinstein mem"]
[Site "Polanica Zdroj"]
[Date "1995.??.??"]
[Round "5"]
[White "Markowski, Tomasz"]
[Black "Krasenkow, Michal"]
[Result "0-1"]
[WhiteElo "2530"]
[BlackElo "2590"]

1.c4 c5 2.g3 g6 3.Bg2 Bg7 4.Nc3 Nc6 5.e3 Nh6 6.Nge2 Nf5 7.O-O O-O 8.b3 a6
9.Bb2 b5 10.d3 Bb7 11.Qd2 bxc4 12.dxc4 Ra7 13.Rad1 d6 14.Nd5 e6 15.Bxg7 Kxg7
16.Ndc3 Qa8 17.Qb2 f6 18.Rd2 h5 19.Rfd1 g5 20.Qb1 h4 21.Na4 h3 22.Bh1 Ncd4
23.Nb6 Nxe2+ 24.Rxe2 Qe8 25.Bxb7 Rxb7 26.Nd5 Qh5 27.Nc3 Rd8 28.Qe4 d5 29.cxd5 Nd6
30.Qxe6 Qf3 31.Qxh3 Nb5 32.Rd3 Nxc3 33.Re1 Nxd5 34.Red1 Rbd7 35.Qe6 Rd6 36.Qh3 Nf4
37.gxf4 Qxh3  0-1

[Event "Rubinstein mem"]
[Site "Polanica Zdroj"]
[Date "1995.??.??"]
[Round "8"]
[White "Krasenkow, Michal"]
[Black "Sosonko, Gennadi"]
[Result "1/2-1/2"]
[WhiteElo "2590"]
[BlackElo "2525"]

1.c4 e6 2.Nc3 Nf6 3.Nf3 d5 4.d4 Bb4 5.Qa4+ Nc6 6.e3 O-O 7.Bd2 a6 8.a3 Bxc3
9.Bxc3 Ne4 10.Qc2 a5 11.Bd3 f5 12.h3 Qe7 13.g4 Nxc3 14.bxc3 a4 15.gxf5 dxc4
16.f6 Qxf6 17.Bxh7+ Kh8 18.Be4 e5 19.Rg1 Bf5 20.Rg5 Bxe4 21.Rh5+ Kg8 22.Qxe4 Rf7
23.Ke2 exd4 24.cxd4 Ra5 25.Rxa5 Nxa5 26.Rf1  1/2-1/2

[Event "POL-chT"]
[Site "Augustow"]
[Date "1996.??.??"]
[Round "?"]
[White "Robak, Zbigniew"]
[Black "Krasenkow, Michal"]
[Result "0-1"]
[WhiteElo "2350"]
[BlackElo "2610"]

1.e4 g6 2.d4 Bg7 3.Nc3 c6 4.Bc4 d6 5.Qf3 e6 6.Nge2 Nd7 7.Bb3 Ngf6 8.Bg5 Qa5
9.h4 e5 10.O-O-O h6 11.Bxf6 Nxf6 12.dxe5 dxe5 13.Rd6 Bg4 14.Qd3 Bxe2 15.Nxe2 Qc7
16.Rd1 O-O 17.g4 Kh8 18.f3 Nd5 19.Rxd5 cxd5 20.exd5 Qe7 21.Rh1 f5 22.h5 e4
23.Qe3 Qf6 24.g5 Qxb2+ 25.Kd2 f4 26.Qxe4 Rae8 27.Qxg6 Re3 28.gxh6 Bc3+ 29.Nxc3 Qxc3+
30.Kd1 Rg8 31.d6 Rxg6 32.hxg6 Qd4+ 33.Kc1 Rxb3 34.axb3 Qa1+  0-1

[Event "Politiken Cup"]
[Site "Copenhagen"]
[Date "1996.??.??"]
[Round "1"]
[White "Krasenkow, Michal"]
[Black "Christensen, Bo Garner"]
[Result "1-0"]
[WhiteElo "2610"]
[BlackElo "2225"]

1.d4 Nf6 2.c4 g6 3.Nc3 Bg7 4.e4 d6 5.Nf3 O-O 6.h3 c5 7.d5 e6 8.Bd3 exd5 9.cxd5 Re8
10.O-O a6 11.a4 b6 12.Bf4 Bb7 13.Re1 Qc7 14.Nd2 Nfd7 15.Nc4 Ne5 16.Bg3 Nbd7
17.f4 Nxc4 18.Bxc4 Bd4+ 19.Bf2 Bxf2+ 20.Kxf2 Qd8 21.Qf3 Qf6 22.Rad1 Re7 23.e5 dxe5
24.Ne4 Qh4+ 25.g3 Qxh3 26.Ng5 Qh2+ 27.Kf1 Qxb2 28.Re2 Qb4 29.Qd3 b5 30.axb5 axb5
31.Bxb5 Ra3 32.Qc4 Qxc4 33.Bxc4 Nf6 34.d6 Rd7 35.Bb5 exf4 36.Bxd7 Nxd7 37.Re8+ Kg7
38.gxf4 Ba6+ 39.Ke1 h6 40.Nxf7 Bb5 41.Re7 Ra7 42.Rb1 Ba4 43.Ra1  1-0

[Event "Politiken Cup"]
[Site "Copenhagen"]
[Date "1996.??.??"]
[Round "5"]
[White "Krasenkow, Michal"]
[Black "Sobjerg, Erik"]
[Result "1-0"]
[WhiteElo "2610"]
[BlackElo "2320"]

1.Nf3 Nc6 2.d4 d5 3.g3 Bf5 4.Bg2 Nb4 5.Na3 e6 6.c3 Na6 7.Qb3 Rb8 8.Nh4 c6
9.Nxf5 exf5 10.f3 Nf6 11.O-O Be7 12.e4 fxe4 13.fxe4 dxe4 14.Bxe4 O-O 15.Bg2 Nc7
16.Bf4 Bd6 17.Bg5 Nce8 18.Nc4 h6 19.Bd2 Bc7 20.Rf5 g6 21.Rf2 Ng4 22.Rf3 Ng7
23.h3 b5 24.hxg4 bxc4 25.Qxc4 Rxb2 26.Bxh6 Qd7 27.Raf1 Qxg4 28.Qd3 Rxa2 29.Bxg7 Kxg7
30.Qc4 Rxg2+ 31.Kxg2 Qe4 32.Rf2 f5 33.Re2 Qd5 34.Qxd5 cxd5 35.Re7+ Rf7 36.Rxf7+ Kxf7
37.g4 Ke6 38.gxf5+ gxf5 39.Rh3 Bf4 40.Kf3 Bd2 41.Ke2  1-0

[Event "Politiken Cup"]
[Site "Copenhagen"]
[Date "1996.??.??"]
[Round "8"]
[White "Pedersen, Steffen"]
[Black "Krasenkow, Michal"]
[Result "1/2-1/2"]
[WhiteElo "2405"]
[BlackElo "2610"]

1.d4 g6 2.c4 Bg7 3.Nc3 d6 4.Nf3 Bg4 5.e3 Nd7 6.Be2 c6 7.O-O Ngf6 8.b3 O-O
9.Bb2 e5 10.h3 Bxf3 11.Bxf3 Re8 12.Qc2 Qe7 13.b4 exd4 14.exd4 Nb6 15.Qd3 d5
16.c5 Nc4 17.Bc1 b5 18.cxb6 Qxb4 19.Rb1 Qe7 20.Na4 Rab8 21.Bf4 Rb7 22.bxa7 Rxb1
23.Rxb1 Qxa7 24.Nc3 Nd7 25.Nxd5 cxd5 26.Bxd5 Ncb6 27.Bb3 Qa8 28.Rd1 Nd5 29.Bd2 N7f6
30.Re1 Rxe1+ 31.Bxe1 Nf4 32.Qf3 Qxf3 33.gxf3 Ne2+ 34.Kf1 Nxd4 35.Bc4 Nxf3
36.Ba5 Bf8 37.a4 Bc5 38.Kg2 Ne5 39.Bb5 Kf8 40.Bd2 Ke7 41.Bg5 Ke6 42.Bxf6 Kxf6
43.f4 Bb4 44.fxe5+ Kxe5 45.Be8 Ke6 46.Kf3 Be1 47.Ke2 Ba5 48.Kf3 Bd8 49.Bb5 Kf6
50.Bc6 Kg7 51.Bb5 h5 52.Bc6 Kf8 53.Be4 Ke7 54.Bb7 Ke6 55.Bc6 g5 56.Bb7 f5
57.Bc8+ Kf6 58.Bd7 g4+ 59.hxg4 hxg4+ 60.Kg2 Kg5 61.Bc8 f4 62.Bb7 Ba5 63.Bc6 Be1
64.Bb7 Kf6 65.Bc8  1/2-1/2

[Event "Politiken Cup"]
[Site "Copenhagen"]
[Date "1996.??.??"]
[Round "9"]
[White "Krasenkow, Michal"]
[Black "Brynell, Stellan"]
[Result "1-0"]
[WhiteElo "2610"]
[BlackElo "2445"]

1.c4 c5 2.Nc3 Nc6 3.g3 g6 4.Bg2 Bg7 5.a3 e6 6.b4 Nxb4 7.axb4 cxb4 8.d4 bxc3
9.e3 Ne7 10.Ne2 d5 11.cxd5 Nxd5 12.Ba3 Bf8 13.Bxf8 Kxf8 14.Qb3 Kg7 15.O-O b6
16.e4 Nf6 17.e5 Nd5 18.Nxc3 Bb7 19.Nb5 Qb8 20.Rfc1 a6 21.Nd6 Rd8 22.Qa3 Ra7
23.Ra2 Ba8 24.Bxd5 Bxd5 25.Rac2 b5 26.Rc8 Qb6 27.Rxd8 Qxd8 28.Rc8 Qe7 29.Qc1 Ra8
30.Rc7 Qf8 31.Qf4 Kh8 32.Rxf7 Qd8 33.Qh6 Qg8 34.Rc7  1-0

[Event "Politiken Cup"]
[Site "Copenhagen"]
[Date "1996.??.??"]
[Round "11"]
[White "Nielsen, Peter Heine"]
[Black "Krasenkow, Michal"]
[Result "1/2-1/2"]
[WhiteElo "2495"]
[BlackElo "2610"]

1.c4 c5 2.Nf3 Nc6 3.Nc3 g6 4.g3 Bg7 5.Bg2 e6 6.O-O Nge7 7.e3 Nf5 8.e4 Nfd4
9.Nxd4 Nxd4 10.d3 O-O 11.Be3 a6 12.Ne2 Rb8 13.Nxd4 cxd4 14.Bd2 d6 15.b4 b6
16.a4 Qd7 17.f4 f5 18.exf5 gxf5 19.Re1 Kh8 20.Qe2 Re8 21.a5  1/2-1/2

[Event "Jakarta Gunadarma"]
[Site "Jakarta"]
[Date "1996.??.??"]
[Round "1"]
[White "Ftacnik, Lubomir"]
[Black "Krasenkow, Michal"]
[Result "1/2-1/2"]
[WhiteElo "2610"]
[BlackElo "2605"]

1.d4 Nf6 2.Nf3 g6 3.c4 Bg7 4.Nc3 d5 5.cxd5 Nxd5 6.e4 Nxc3 7.bxc3 c5 8.Bb5+ Nc6
9.O-O O-O 10.Be3 cxd4 11.cxd4 Bg4 12.Bxc6 bxc6 13.Rc1 Qa5 14.Qd2 Qxd2 15.Nxd2 Rfd8
16.Nb3 a5 17.f3 Be6 18.Nc5 Bxd4 19.Bxd4 Rxd4 20.Nxe6 fxe6 21.Rxc6 Rd2 22.Rf2 Rd1+
23.Rf1 Rd2 24.Rf2  1/2-1/2

[Event "Jakarta Gunadarma"]
[Site "Jakarta"]
[Date "1996.??.??"]
[Round "3"]
[White "Liu Dede"]
[Black "Krasenkow, Michal"]
[Result "1/2-1/2"]
[WhiteElo "2405"]
[BlackElo "2605"]

1.e4 g6 2.d4 Bg7 3.Nc3 c6 4.g3 d5 5.exd5 cxd5 6.Bg2 Nc6 7.Nxd5 Nxd4 8.c3 Nc6
9.Bf4 e5 10.Be3 Be6 11.Qb3 Qd7 12.Rd1 Nge7 13.Ne2 Nxd5 14.Bxd5 Bxd5 15.Rxd5 Qe6
16.O-O O-O 17.Rfd1 b6 18.Qa4 Nd4 19.Qd7 Nxe2+ 20.Kf1 Nf4 21.gxf4 exf4 22.Bxf4 Qe4
23.Qg4 Qc4+ 24.Kg2 Qxa2 25.R1d2 Qc4 26.Qf3 Rfe8 27.Rd7 Rac8 28.R2d5 Qe4 29.Rxa7 Qxf3+
30.Kxf3 Rc6 31.Rd6 Rxd6 32.Bxd6 Be5 33.Bxe5 Rxe5 34.Rc7  1/2-1/2

[Event "Jakarta Gunadarma"]
[Site "Jakarta"]
[Date "1996.??.??"]
[Round "5"]
[White "Portisch, Lajos"]
[Black "Krasenkow, Michal"]
[Result "1-0"]
[WhiteElo "2600"]
[BlackElo "2605"]

1.d4 g6 2.c4 Bg7 3.Nc3 d6 4.Nf3 Bg4 5.e3 c6 6.h3 Bxf3 7.Qxf3 Nf6 8.g3 Nbd7
9.Bg2 O-O 10.O-O e5 11.d5 cxd5 12.cxd5 h5 13.e4 Kh7 14.h4 Qb6 15.Bh3 Nc5
16.Rb1 a5 17.Bg5 Ng8 18.Be3 Qb4 19.Rfd1 b6 20.Bd2 Bh6 21.Be1 a4 22.Qe2 Qa5
23.b4 axb3 24.axb3 Qa6 25.Qxa6 Nxa6 26.Nb5 Rfd8 27.b4 Nf6 28.f3 Ne8 29.Bf2 Rdb8
30.Bd7 Nac7 31.Ra1 Rxa1 32.Rxa1 Bd2 33.Nxc7 Nxc7 34.b5 Kg8 35.Ra7 Ne8 36.Ra6 Nf6
37.Bc6 Ba5 38.Kf1 Kf8 39.Ke2 Ke7 40.Kd3 Rc8 41.Ra7+ Kf8 42.Kc4 Rb8 43.Kb3 Bd2
44.Ra6 Ke7 45.Bxb6 Nd7 46.Bf2 Nc5+ 47.Kc4 Bh6 48.Ra7+ Kf6 49.Ra3 Bf8 50.Be3 Kg7
51.Ra7 Kg8 52.Bd2 f5 53.exf5 gxf5 54.Bg5 e4 55.fxe4 fxe4 56.Bf4 Nd3 57.Be3 Nc5
58.Ra8  1-0

[Event "Jakarta Gunadarma"]
[Site "Jakarta"]
[Date "1996.??.??"]
[Round "6"]
[White "Krasenkow, Michal"]
[Black "Hickl, Joerg"]
[Result "1-0"]
[WhiteElo "2605"]
[BlackElo "2600"]

1.d4 d6 2.Nf3 Nf6 3.c4 Nbd7 4.Nc3 c6 5.e4 e5 6.Be2 Be7 7.O-O O-O 8.Qc2 a6
9.Rd1 Qc7 10.Rb1 b5 11.b4 Bb7 12.dxe5 Nxe5 13.Nxe5 dxe5 14.Be3 Rac8 15.a4 bxc4
16.Bxc4 Ng4 17.Bc5 Nf6 18.a5 Bxc5 19.bxc5 Rcd8 20.Rxd8 Rxd8 21.Qb3 Qxa5 22.Qxb7 Qxc3
23.Qc7 Qd4 24.Bd5  1-0

[Event "Jakarta Gunadarma"]
[Site "Jakarta"]
[Date "1996.??.??"]
[Round "8"]
[White "Krasenkow, Michal"]
[Black "Gunawan, Ruben"]
[Result "1-0"]
[WhiteElo "2605"]
[BlackElo "2425"]

1.d4 Nf6 2.c4 e6 3.Nf3 Bb4+ 4.Nbd2 b6 5.a3 Bxd2+ 6.Bxd2 Bb7 7.Bg5 d6 8.e3 Nbd7
9.Qc2 h6 10.Bh4 Qe7 11.Rd1 g5 12.Bg3 Ne4 13.d5 Ndf6 14.Nd4 h5 15.f3 Nxg3
16.hxg3 Rg8 17.e4 g4 18.Kf2 O-O-O 19.b4 gxf3 20.gxf3 exd5 21.cxd5 Qe5 22.Rh3 Rg6
23.Nb5 Rd7 24.Nxa7+ Kb8 25.Nc6+ Bxc6 26.dxc6 Rd8 27.Qc4 d5 28.Qa6 Nxe4+ 29.fxe4 Rxc6
30.Qe2 Rc3 31.exd5 Qf5+ 32.Kg1  1-0

[Event "Jakarta Gunadarma"]
[Site "Jakarta"]
[Date "1996.??.??"]
[Round "9"]
[White "Sokolov, Ivan"]
[Black "Krasenkow, Michal"]
[Result "0-1"]
[WhiteElo "2670"]
[BlackElo "2605"]

1.d4 Nf6 2.c4 g6 3.Nc3 d5 4.Bf4 Bg7 5.e3 c5 6.dxc5 Qa5 7.Qa4+ Qxa4 8.Nxa4 Bd7
9.Nc3 dxc4 10.Bxc4 Bc6 11.Nf3 Nbd7 12.Ne5 Nxe5 13.Bxe5 Bxg2 14.Rg1 Bf3 15.e4 O-O
16.Rg3 Bh5 17.f4 Rfc8 18.b4 a5 19.Na4 axb4 20.Nb6 Rxc5 21.Bxf7+ Kxf7 22.Nxa8 Rc2
23.Rb1 Nxe4 24.Rxb4  0-1

[Event "Koszalin op"]
[Site "Koszalin"]
[Date "1996.??.??"]
[Round "3"]
[White "Obodchuk, Andrei"]
[Black "Krasenkow, Michal"]
[Result "1/2-1/2"]
[WhiteElo "2430"]
[BlackElo "2610"]

1.d4 g6 2.e4 Bg7 3.Nc3 c6 4.Nf3 d6 5.Be3 Nf6 6.h3 O-O 7.a4 a5 8.Be2 Na6 9.O-O Nb4
10.Nd2 d5 11.e5 Ne8 12.f4 f6 13.Nf3 Nc7 14.Qd2 Bf5 15.Bd1 Ne6 16.exf6 exf6
17.Nh4 Be4 18.f5 Ng5 19.fxg6 hxg6 20.Bxg5 fxg5 21.Rxf8+ Kxf8 22.Nf3 Qf6 23.Ne5 Qf4
24.Nxe4 Bxe5 25.dxe5 dxe4 26.Qd7 Qxe5 27.Bg4 Qc5+ 28.Kh1 Qf2 29.Qh7 Nxc2
30.Rd1 Qf6 31.Be6 Qxe6 32.Rf1+ Ke8 33.Qh8+ Kd7 34.Qxa8 Qd5 35.Qf8 Kc7 36.Qg7+ Kb6
37.Qxg6 Ne3 38.Rg1 Qe5 39.Qg8 Nf5 40.Qb3+ Ka7 41.Re1 e3 42.Qc3 Qd5 43.Kg1 Kb8
44.Qh8+  1/2-1/2

[Event "Koszalin op"]
[Site "Koszalin"]
[Date "1996.??.??"]
[Round "7"]
[White "Bashkov, Viacheslav"]
[Black "Krasenkow, Michal"]
[Result "1/2-1/2"]
[WhiteElo "2420"]
[BlackElo "2610"]

1.e4 g6 2.d4 Bg7 3.Nc3 c6 4.h3 d6 5.g3 b5 6.a3 Bb7 7.Bg2 Nd7 8.Nge2 a5 9.O-O b4
10.Na4 Qc7 11.c3 c5 12.axb4 cxb4 13.cxb4 axb4 14.Bd2 Ngf6 15.f3 Ba6 16.Rf2 Rb8
17.Be3 O-O 18.b3 Rfc8 19.Rc1 Qa7 20.Rxc8+ Rxc8 21.Qd2 Qb7 22.Bf1 Ne8 23.Nf4 Bxf1
24.Rxf1 Nc7 25.Rc1 Rb8 26.Kf2 e6 27.Ne2 Bf8 28.Qc2 Nb5 29.Qc6 Qxc6 30.Rxc6 e5
31.Rc4 exd4 32.Nxd4 Na3 33.Rc7 Nc5 34.Nc6 Re8 35.Nxb4 Nb5 36.Rc6 Nxb3 37.Nd5 Bg7
38.Nab6 Nc5 39.Nc4 Nd3+ 40.Ke2 Ne5 41.Nxd6 Nxd6 42.Rxd6 f5 43.exf5 gxf5 44.Nb6 h5
45.f4 Nf7 46.Rd3 Nh6 47.Kf3 Kf7 48.Nc4 Kg6 49.Rd6+ Kh7 50.Rd7 Kg6 51.Bd4 Bxd4
52.Rxd4 Nf7 53.Rd5 Rb8 54.Ne3 Rb3 55.Ke2 Nh6 56.Rd6+ Kg7 57.Rc6 Ra3 58.Kd2 Ra1
59.Ke2 Ra3 60.Kf2 Ra2+ 61.Rc2 Rxc2+ 62.Nxc2 Nf7 63.Ke3 Kf6 64.Kd4 Nd6 65.Ne3 Ke6
66.Nf1 Nb5+ 67.Kc5 Nc3 68.Kc4 Ne4 69.Kd4 Kf6 70.g4 hxg4 71.hxg4 Ng5  1/2-1/2

[Event "Koszalin op"]
[Site "Koszalin"]
[Date "1996.??.??"]
[Round "8"]
[White "Krasenkow, Michal"]
[Black "Sulskis, Sarunas"]
[Result "1-0"]
[WhiteElo "2610"]
[BlackElo "2505"]

1.Nf3 Nf6 2.d4 d5 3.c4 dxc4 4.e3 e6 5.Bxc4 c5 6.Qe2 a6 7.dxc5 Bxc5 8.O-O Nbd7
9.e4 b5 10.Bd3 Bb7 11.a4 O-O 12.e5 Bxf3 13.gxf3 Nh5 14.axb5 a5 15.Nc3 g6
16.f4 Qh4 17.Qf3 f5 18.Be2 Ng7 19.Na4 Qe7 20.Nxc5 Qxc5 21.b4 Qd4 22.Rxa5 Rac8
23.Rd1 Qxd1+ 24.Bxd1 Rxc1 25.Ra7 Rfc8 26.Qd3  1-0

[Event "Moscow PCA qual"]
[Site "Moscow"]
[Date "1996.??.??"]
[Round "3"]
[White "Krasenkow, Michal"]
[Black "Aleksandrov, Aleksej"]
[Result "1/2-1/2"]
[WhiteElo "2610"]
[BlackElo "2535"]

1.d4 Nf6 2.c4 e6 3.Nf3 Bb4+ 4.Nbd2 O-O 5.a3 Be7 6.b4 b6 7.e4 d5 8.e5 Nfd7
9.Bd3 c5 10.dxc5 bxc5 11.b5 f6 12.exf6 Bxf6 13.Rb1 a6 14.bxa6 Nc6 15.Bb2 Bxb2
16.Rxb2 Nde5 17.Nxe5 Nxe5 18.Bxh7+ Kxh7 19.Qh5+ Kg8 20.Qxe5 Rxa6 21.Rb3 dxc4
22.Nxc4 Qd5 23.Rg3 Rf7 24.Qe2 Rf4 25.Ne3 Qe5 26.O-O Rxa3 27.Qc2 Ba6 28.Rd1 Rd4
29.Re1 Rdd3 30.h3 Qc3 31.Qe2 Qa5 32.Qg4 Qxe1+ 33.Kh2 Rd7 34.Qxe6+ Rf7 35.Rf3 Bc4
36.Qxc4 Ra7 37.Qe6 Re7 38.Qc8+ Kh7 39.Qxc5 Rxf3 40.Qh5+ Kg8 41.Qxf3 Rf7 42.Qa8+ Kh7
43.Ng4 Qe6 44.Qa5 Rf5 45.Qd2 Rd5 46.Qc2+ Kg8 47.Qc3 Qd6+ 48.g3 Rd1 49.Qb3+ Kh7
50.Ne3 Rd3 51.Qc2 Kh8 52.Qc8+ Kh7 53.Qf5+ Kg8 54.Ng4 Rd1 55.Qe4 Qd5 56.Qxd5+ Rxd5
57.Kg2  1/2-1/2

[Event "POL-ch"]
[Site "Poland"]
[Date "1996.??.??"]
[Round "2"]
[White "Krasenkow, Michal"]
[Black "Urban, Klaudiusz"]
[Result "0-1"]
[WhiteElo "2610"]
[BlackElo "2440"]

1.Nf3 Nf6 2.c4 g6 3.Nc3 Bg7 4.e4 d6 5.d4 O-O 6.h3 Nbd7 7.Bg5 a6 8.Qd2 c5
9.d5 b5 10.cxb5 Qa5 11.b6 Nxb6 12.Bd3 Na4 13.O-O c4 14.Nxa4 Qxd2 15.Nxd2 cxd3
16.Rad1 Rb8 17.b3 Bd7 18.Nc3 a5 19.Ndb1 Bc8 20.f4 Re8 21.Rfe1 Ba6 22.e5 Nh5
23.Re4 Ng3 24.Ra4 Ne2+ 25.Kf2 dxe5 26.Rxa5 Ra8 27.b4 h6 28.Bh4 exf4 29.Ne4 g5
30.Nxg5 hxg5 31.Bxg5 Bc4  0-1

[Event "POL-ch"]
[Site "Poland"]
[Date "1996.??.??"]
[Round "3"]
[White "Czerwonski, Aleksander"]
[Black "Krasenkow, Michal"]
[Result "1-0"]
[WhiteElo "2400"]
[BlackElo "2610"]

1.Nf3 c5 2.g3 g6 3.Bg2 Bg7 4.c4 Nc6 5.Nc3 e6 6.O-O Nge7 7.e4 O-O 8.d3 d6
9.Bg5 h6 10.Be3 Nd4 11.Qd2 Kh7 12.Ne1 Rb8 13.f4 b6 14.Kh1 Qd7 15.Rb1 Bb7
16.a3 d5 17.f5 gxf5 18.exd5 exd5 19.Bxd4 Bxd4 20.Ne2 Bg7 21.Qc2 Rfd8 22.Nf4 dxc4
23.dxc4 Qd2 24.Bxb7 Qxc2 25.Nxc2 Rxb7 26.Ne3 Rd2 27.b4 cxb4 28.axb4 b5 29.c5 Rbd7
30.Nh5 Bb2 31.Rxb2 Rxb2 32.Nf6+ Kg6 33.Nxd7 Rxb4 34.Rc1 Nc6 35.Rd1  1-0

[Event "POL-ch"]
[Site "Poland"]
[Date "1996.??.??"]
[Round "4"]
[White "Krasenkow, Michal"]
[Black "Markowski, Tomasz"]
[Result "1/2-1/2"]
[WhiteElo "2610"]
[BlackElo "2535"]

1.d4 Nf6 2.Nf3 d6 3.c4 g6 4.Nc3 Bg7 5.e4 O-O 6.h3 Na6 7.Bg5 Qe8 8.a3 e5 9.dxe5 dxe5
10.b4 c6 11.Be2 Qe7 12.O-O Nc7 13.Qc2  1/2-1/2